El Paleolítico Medio en Cataluña / por E. Ripoll Perelló y H. de Lumley
Descripción Física:
70 p. : il., amb làm. ; 27 cm
Colección:
Monografías ; 24
Otros Autores:
Lumley, Henry de
Materias:
Paleolític -- Catalunya
MARC
| LEADER | 00000nam a2200000Ia 4500 | ||
|---|---|---|---|
| 001 | 7781 | ||
| 008 | 160829s1965 xx 000 0 cat d | ||
| 080 | |a H-2-81 | ||
| 100 | 1 | |a Ripoll i Perelló, Eduard, |d 1923-2006 |9 20913 | |
| 245 | |a El Paleolítico Medio en Cataluña / por E. Ripoll Perelló y H. de Lumley | ||
| 260 | |a Barcelona : |b Diputación de Barcelona. Instituto de Prehistoria y Arqueología, |c 1965 | ||
| 300 | |a 70 p. : |b il., amb làm. ; |c 27 cm | ||
| 490 | |a Monografías ; 24 | ||
| 590 | |a Separata d'Ampurias ; 26-27 | ||
| 650 | |a Paleolític |x Catalunya |9 20915 | ||
| 700 | |a Lumley, Henry de |9 20916 | ||
| 710 | 2 | |a Instituto de Prehistoria y Arqueología (Barcelona, Catalunya) |9 54255 | |
| 901 | |a Arxiu | ||
| 942 | |n 1 |2 udc | ||
| 952 | |0 0 |1 0 |4 0 |6 H281 |7 1 |9 41741 |a Arxiu |b Arxiu |d 2016-12-01 |l 0 |o H-2-81 |p 7781 |r 2016-12-01 00:00:00 |w 2016-12-01 |y ARXIU | ||
| 999 | |c 43631 |d 43631 | ||